| 000 | 00872nam a22002177a 4500 | ||
|---|---|---|---|
| 001 | 45304 | ||
| 003 | BD-RjUL | ||
| 005 | 20211209054008.0 | ||
| 008 | 160725s1995 bg ||||| |||| 00| 0 ben d | ||
| 035 | _a(BD-RjUL)45422 | ||
| 040 |
_aBD-RjUL _bben _cBD-RjUL |
||
| 041 | _aben | ||
| 082 |
_223 _a005.1 _bANP 1995 |
||
| 100 |
_aআনওয়ার, মুহসিন উদ্দীন _9138766 |
||
| 245 | 1 | 0 |
_aপ্রোগ্রামিং পদ্ধতি ও 'সি' প্রোগ্রামিং / _c মুহসিন উদ্দীন আনওয়ার |
| 260 |
_aঢাকা : _bসিসটেক পাবলিকেশন্স, _c১৯৯৫ |
||
| 300 |
_a২২৩ পৃ. : _bচিত্র ; _c২১ সেমি. |
||
| 650 |
_aপ্রোগ্রামিং _9138767 |
||
| 650 |
_aProgramming _9138768 |
||
| 942 |
_2ddc _cBK |
||
| 999 |
_c45304 _d45304 |
||